1386 1438 1713 1232 1990 1469 1040 1352 1641 1332 1280 1899 1760 1343 1767 1030 1761 1055 1976 1161 1882 1916 1701 1198 1608 1469 1594 1949 1228 1542 1288 1148 1040 1523 1492 1981 1313 1295 1164 1356 1024 1660 1194 1973 1901 1418 1087 1237 1770 1143 1443 1635 1020 1772 1424 1957 1954 1067 1225 1570 1555 1314 1554 1770 1311 1584 1037 1512 1149 1242 1412 1021 1817 1513 1129 1167 1070 1327 1033 1948 1010 1100 1750 1105 1896 1473 1548 1673 1584 1406 1268 1399 1055 1964 1824 1433 1442 1883 1145 BCNSPRNW ULIB Ver.6.0+V

เปลี่ยนเป็นภาษาไทย

Change to English
 แสดงรายละเอียดบรรณานุกรม
  กลับหน้าหลัก

Brief Record : Get Marc (ISO 2709) : E-mail record : QR code < ปิดหน้าต่าง
LEADER : 00000nam 2200000uu 4500
001    13399115208
003     ULIB
008    120730s2553||||th 000 0 tha d
020    ^a9741335407
020    ^a 9789741335404
060 04 ^aWY85^bส687จ
100 0  ^aสิวลี ศิริไล
245 10 ^aจริยศาสตร์สำหรับพยาบาล /^cสิวลี ศิริไล
250    ^aพิมพ์ครั้งที่ 11
260    ^aกรุงเทพฯ :^bโรงพิมพ์แห่งจุฬาลงกรณ์มหาวิทยาลัย,^c2553
300    ^a279 หน้า ;^c21 ซม.
650  7 ^aจรรยาบรรณพยาบาล
650  7 ^aจริยศาสตร์
945    ^p150^l0^i032158
945    ^p150^l0^i032159
945    ^p150^l0^i032160
945    ^p150^l0^i032161
995    ^a เกษร
999    ^aใช้งานได้ทุกระบบ
รายการนี้ยังไม่มีแท็ก
คุณยังไม่ได้ล็อกอิน คุณสามารถมีกิจกรรมร่วมกับเว็บไซต์ได้ แต่ต้องล็อกอินก่อน ::
  ล็อกอิน

รายการสื่อสารสนเทศ

ลำดับที่ ประเภท เลขเรียก/บาร์โค้ด สถานที่ สถานะ
1. วิทยาศาสตร์การแพทย์ และสุขภาพ
หนังสือสำรอง
สถานะ=หนังสือสำรอง
WY85 ส687จ ฉ.1 
  Barcode: 032158
ห้องสมุดวิทยาเขตสวรรค์ประชารักษ์
►ส่วนจัดเก็บหนังสือเก่า สปร
บนชั้น
  ขอยืม
2. วิทยาศาสตร์การแพทย์ และสุขภาพ
วิทยาศาสตร์การแพทย์ และสุขภาพ
WY85 ส687จ ฉ.2 
  Barcode: 032159
ห้องสมุดวิทยาเขตสวรรค์ประชารักษ์
►ส่วนจัดเก็บหนังสือเก่า สปร
บนชั้น
  ขอยืม
3. วิทยาศาสตร์การแพทย์ และสุขภาพ
วิทยาศาสตร์การแพทย์ และสุขภาพ
WY85 ส687จ ฉ.3 
  Barcode: 032160
ห้องสมุดวิทยาเขตสวรรค์ประชารักษ์
►ส่วนจัดเก็บหนังสือเก่า สปร
บนชั้น
  ขอยืม
4. วิทยาศาสตร์การแพทย์ และสุขภาพ
วิทยาศาสตร์การแพทย์ และสุขภาพ
WY85 ส687จ ฉ.4 
  Barcode: 032161
ห้องสมุดวิทยาเขตสวรรค์ประชารักษ์
►ส่วนจัดเก็บหนังสือเก่า สปร
บนชั้น
  ขอยืม

รายการใกล้เคียง
    ผู้แต่ง [สิวลี ศิริไล]

    หัวเรื่อง [จรรยาบรรณพยาบาล]
    หัวเรื่อง [จริยศาสตร์]

BibComment


ยังไม่เคยถูกคอมเมนท์

คอมเมนท์ทรัพยากรรายการนี้
  คอมเมนท์: จริยศาสตร์สำหรับ..


 Copyright 2026. Bcnsprnw @Library